Taylor Swift - Evermore - Statistiken

Allgemein
  • Dieses Quiz wurde 273 mal gespielt
  • Das Durchschnittsergebnis liegt bei 12 aus 17
Antwortstatistiken
Nein Track % Korrekt
1 willow
94%
15 evermore
91%
2 champagne problems
86%
5 tolerate it
83%
13 marjorie
80%
6 no body, no crime
75%
4 'tis the damn season
72%
8 dorothea
71%
16 right where you left me
71%
11 cowboy like me
70%
3 gold rush
70%
9 coney island
68%
10 ivy
67%
7 happiness
64%
14 closure
56%
17 it's time to go
56%
12 long story short
46%
Keine übereinstimmenden Quizze gefunden
Verteilung der Resultate
Anzahl Personen mit jedem Resultat
Perzentil nach korrekt beantworteten Fragen
Ihre Resultats-Entwicklung
Sie haben dieses Quiz noch nicht gespielt